[Event "28th WSCC2018 - Open 50+"]
[Site "Bled"]
[Date "2018.11.22"]
[Round "5.1"]
[White "Movsziszian, Karen"]
[Black "Bagaturov, Giorgi"]
[Result "1-0"]
[WhiteElo "2513"]
[BlackElo "2417"]
[PlyCount "99"]
[EventDate "2018.11.18"]

1. g3 g6 2. c4 c6 3. Bg2 d5 4. Qa4 d4 5. d3 Bg7 6. b4 Nf6 7. Nf3 O-O 8. Bb2 Ne8
9. Nbd2 Nc7 10. O-O a5 11. bxa5 c5 12. Qc2 Ne6 13. Nb3 Nc6 14. Ba3 Nxa5 15.
Nfd2 Qc7 16. Rfb1 Nc6 17. Bxc5 b6 18. Bxe7 Re8 19. c5 bxc5 20. Bxc5 Ra6 21. Nc4
Ne5 22. Nxe5 Qxe5 23. Re1 Bd7 24. Bb4 Qh5 25. Bd2 Ng5 26. Bxg5 Qxg5 27. Qc5 Qf6
28. Bf3 h5 29. h4 Rc8 30. Qb4 Rc2 31. Nc5 Rb6 32. Nxd7 Rxb4 33. Nxf6+ Bxf6 34.
a4 Be7 35. a5 Bc5 36. a6 Ba7 37. Rec1 Ra4 38. Rxa4 Rxc1+ 39. Kg2 Kf8 40. Bd5
Rc5 41. Bc4 Ke7 42. Rb4 Rc7 43. Kf3 Kd6 44. Rb7 Rxb7 45. axb7 Ke7 46. Ke4 f6
47. Bb3 Kf8 48. Kd5 Ke7 49. Ba4 g5 50. Bc6 1-0

[Event "28th WSCC2018 - Open 50+"]
[Site "Bled"]
[Date "2018.11.22"]
[Round "5.2"]
[White "Kalegin, Evgenij"]
[Black "Sturua, Zurab"]
[Result "0-1"]
[WhiteElo "2413"]
[BlackElo "2529"]
[PlyCount "84"]
[EventDate "2018.11.18"]

1. e4 c5 2. Nf3 d6 3. c3 Nf6 4. h3 Nc6 5. Bd3 d5 6. e5 Nd7 7. Bb5 Qb6 8. Na3 e6
9. O-O a6 10. Bxc6 Qxc6 11. d4 h6 12. Nc2 b5 13. a4 bxa4 14. Ne3 Nb6 15. dxc5
Bxc5 16. Nd4 Qc7 17. f4 g6 18. Ng4 Bd7 19. Nf6+ Kd8 20. Kh1 Kc8 21. b3 axb3 22.
Nxd7 Qxd7 23. Nxb3 Qc7 24. Nxc5 Qxc5 25. Ba3 Qc6 26. Be7 Kd7 27. Bf6 Rhb8 28.
Qf3 Kc8 29. f5 exf5 30. Rfd1 Ra7 31. c4 Nxc4 32. Rxd5 Rd7 33. Rd4 Rb6 34. Rxd7
Kxd7 35. Qd3+ Ke6 36. Rc1 Rb4 37. Rd1 f4 38. Qc3 Qb7 39. Qc2 f3 40. Kg1 Qb6+
41. Kh2 fxg2 42. Rg1 Qd4 0-1

[Event "28th WSCC2018 - Open 50+"]
[Site "Bled"]
[Date "2018.11.22"]
[Round "5.3"]
[White "Soffer, Ram"]
[Black "Bischoff, Klaus"]
[Result "1/2-1/2"]
[WhiteElo "2472"]
[BlackElo "2507"]
[PlyCount "92"]
[EventDate "2018.11.18"]

1. e4 e6 2. d4 d5 3. Bd3 c5 4. exd5 Qxd5 5. Nc3 Qd8 6. Nf3 Nf6 7. Bg5 cxd4 8.
Bb5+ Bd7 9. Qxd4 a6 10. Bxd7+ Nbxd7 11. O-O-O Bc5 12. Bxf6 Bxd4 13. Bxd8 Bxc3
14. Bg5 Ba5 15. Nd2 f6 16. Be3 Bc7 17. Ne4 O-O-O 18. Nd6+ Bxd6 19. Rxd6 Rhe8
20. Rhd1 Ne5 21. Rxd8+ Rxd8 22. Rxd8+ Kxd8 23. Bf4 Nc6 24. Kd2 e5 25. Be3 Kd7
26. f3 Ke6 27. c4 f5 28. Kc3 f4 29. Bb6 e4 30. fxe4 Ke5 31. b4 Kxe4 32. a4 g5
33. b5 Ne5 34. Bd4 Nd7 35. Ba7 axb5 36. cxb5 b6 37. Kb4 Kd5 38. a5 bxa5+ 39.
Kxa5 g4 40. Kb4 f3 41. gxf3 gxf3 42. Kc3 Nf6 43. Kd3 Ne4 44. Ke3 f2 45. Ke2
Nc3+ 46. Kxf2 Nxb5 1/2-1/2

[Event "28th WSCC2018 - Open 50+"]
[Site "Bled"]
[Date "2018.11.22"]
[Round "5.4"]
[White "Arakhamia-Grant, Ketevan"]
[Black "Prie, Eric"]
[Result "1-0"]
[WhiteElo "2373"]
[BlackElo "2482"]
[PlyCount "97"]
[EventDate "2018.11.18"]

1. e4 d5 2. exd5 Qxd5 3. Nc3 Qa5 4. d4 Nf6 5. Nf3 Bf5 6. Bc4 e6 7. Bd2 Bb4 8.
a3 Bxc3 9. Bxc3 Qb6 10. O-O Nc6 11. a4 a5 12. Ne5 O-O 13. Nxc6 Qxc6 14. b3 Be4
15. f3 Bd5 16. Qd3 Bxc4 17. bxc4 b6 18. Rfb1 Rad8 19. Rb5 Rfe8 20. Re1 h6 21.
Re3 Qd6 22. Bb2 Qc6 23. Qe2 Qd6 24. g3 Qc6 25. Reb3 Rd7 26. c5 Red8 27. cxb6
cxb6 28. Rxb6 Qa8 29. c4 Rc7 30. Qe5 Qc8 31. Rb8 Qd7 32. Qxa5 Rxb8 33. Rxb8+
Kh7 34. Rb4 Qc6 35. d5 Nxd5 36. cxd5 Qc2 37. Re4 Rc5 38. Qb4 Rxd5 39. Rd4 Qb1+
40. Kg2 Qc2+ 41. Kg1 Qb1+ 42. Kf2 Qc2+ 43. Ke3 Re5+ 44. Re4 Rc5 45. Qd4 Rg5 46.
Rg4 Qxh2 47. Rxg5 Qg1+ 48. Ke2 Qg2+ 49. Qf2 1-0

[Event "28th WSCC2018 - Open 50+"]
[Site "Bled"]
[Date "2018.11.22"]
[Round "5.5"]
[White "Danielsen, Henrik"]
[Black "Porper, Edward"]
[Result "1-0"]
[WhiteElo "2504"]
[BlackElo "2377"]
[PlyCount "49"]
[EventDate "2018.11.18"]

1. e4 e6 2. d3 d5 3. Nd2 c5 4. Ngf3 Nc6 5. g3 Bd6 6. Bg2 Nge7 7. O-O O-O 8. Re1
b6 9. Ng5 h6 10. Nh3 Qc7 11. f4 Qd8 12. c3 b5 13. Nf2 b4 14. c4 Nd4 15. Nb3
Nxb3 16. axb3 a5 17. Qh5 Ra6 18. g4 dxc4 19. dxc4 e5 20. f5 Nc6 21. g5 hxg5 22.
Ng4 Ra7 23. Re3 f6 24. Rh3 Ne7 25. Nxf6+ 1-0

[Event "28th WSCC2018 - Open 50+"]
[Site "Bled"]
[Date "2018.11.22"]
[Round "5.6"]
[White "Kastelic, Marian"]
[Black "Arkell, Keith C"]
[Result "0-1"]
[WhiteElo "2241"]
[BlackElo "2443"]
[PlyCount "192"]
[EventDate "2018.11.18"]

1. d4 Nf6 2. Nf3 e6 3. e3 c5 4. b3 cxd4 5. exd4 b6 6. Bd3 Bb7 7. O-O Be7 8.
Nbd2 O-O 9. Qe2 d6 10. c4 Nbd7 11. Re1 Re8 12. Ng5 Bf8 13. Nde4 Nxe4 14. Bxe4
Bxe4 15. Nxe4 d5 16. Ng3 Nf6 17. Be3 Qd7 18. a4 Rec8 19. Rec1 a5 20. Nf1 Ne4
21. f3 Nd6 22. Bf2 Nf5 23. g4 Ne7 24. Qd2 Nc6 25. Ne3 Bb4 26. Qd1 Ne7 27. Qd3
h6 28. cxd5 Nxd5 29. Nxd5 Qxd5 30. Rc4 Rd8 31. Qe4 b5 32. Qxd5 Rxd5 33. Rc6 Be7
34. Rac1 bxa4 35. bxa4 Rad8 36. Ra6 Bf6 37. Rc4 Rb8 38. Kf1 Rb1+ 39. Ke2 Rb2+
40. Kf1 Rb1+ 41. Ke2 Rh1 42. Rc5 Rd7 43. Kd3 Bxd4 44. Bxd4 Rd1+ 45. Ke3 R7xd4
46. Raxa5 R1d3+ 47. Ke2 Ra3 48. Ra7 Rf4 49. Rc8+ Kh7 50. Rf8 Kg6 51. h4 Raxf3
52. a5 h5 53. gxh5+ Kxh5 54. Rb7 Ra3 55. Rfxf7 Rxh4 56. Rb5+ Kh6 57. Kf2 Rh2+
58. Kg1 Re2 59. Rf2 Re1+ 60. Kg2 Kg6 61. Kh2 Re4 62. Kg2 Kh6 63. Rf3 Re2+ 64.
Kg3 Raa2 65. Kg4 Re4+ 66. Rf4 Re1 67. Rf3 Ra4+ 68. Kg3 g5 69. Kf2 Ree4 70. Re3
Rxe3 71. Kxe3 Kg6 72. Kf3 Kf6 73. Rc5 e5 74. Rc8 Rxa5 75. Rf8+ Kg7 76. Rb8 Ra4
77. Rb6 Kf7 78. Rc6 Rf4+ 79. Kg3 Rf6 80. Rc1 Kg6 81. Re1 Kf5 82. Kf3 Ra6 83.
Re3 g4+ 84. Kg3 Rh6 85. Re1 Rh3+ 86. Kg2 Kf4 87. Re2 Rg3+ 88. Kf2 Rd3 89. Kg2
e4 90. Rf2+ Rf3 91. Ra2 Rg3+ 92. Kf1 Rd3 93. Kg2 g3 94. Rb2 Rd4 95. Rb8 Rd2+
96. Kg1 e3 0-1

[Event "28th WSCC2018 - Open 50+"]
[Site "Bled"]
[Date "2018.11.22"]
[Round "5.7"]
[White "Van Der Werf, Mark"]
[Black "Habibi, Ali"]
[Result "1/2-1/2"]
[WhiteElo "2402"]
[BlackElo "2237"]
[PlyCount "96"]
[EventDate "2018.11.18"]

1. d4 c5 2. d5 Nf6 3. c4 b5 4. Qc2 d6 5. e4 g6 6. cxb5 Bg7 7. Nc3 O-O 8. Nf3
Nbd7 9. a4 a6 10. h3 axb5 11. Bxb5 Ba6 12. O-O Ne8 13. Bd2 Nc7 14. Bxa6 Rxa6
15. Rfe1 Qa8 16. Bg5 Re8 17. Nd2 Nb6 18. b3 e6 19. Nc4 Nxc4 20. bxc4 Rb8 21.
Rab1 Bxc3 22. Qxc3 Rxa4 23. Rxb8+ Qxb8 24. e5 Ne8 25. Bh6 Rb4 26. g3 Rb7 27.
dxe6 fxe6 28. Qe3 Ng7 29. Bxg7 Kxg7 30. exd6 Qxd6 31. Qxe6 Qxe6 32. Rxe6 Rb4
33. Re4 Kf6 34. h4 Rb2 35. g4 h6 36. Kg2 Rc2 37. Kg3 g5 38. h5 Rc3+ 39. f3 Rc2
40. Re8 Kf7 41. Rh8 Kg7 42. Rc8 Rxc4 43. Rc7+ Kg8 44. Kf2 Rc3 45. Ke2 Kh8 46.
Rf7 Kg8 47. Rf5 Kg7 48. Kd2 Ra3 1/2-1/2

[Event "28th WSCC2018 - Open 50+"]
[Site "Bled"]
[Date "2018.11.22"]
[Round "5.8"]
[White "Plotkin, Victor"]
[Black "Dougherty, Michael"]
[Result "1/2-1/2"]
[WhiteElo "2307"]
[BlackElo "2155"]
[PlyCount "150"]
[EventDate "2018.11.18"]

1. e4 c5 2. c3 g6 3. d4 cxd4 4. cxd4 d5 5. Nc3 dxe4 6. Bc4 Nc6 7. Qb3 e6 8. d5
Nd4 9. Qd1 e5 10. Nge2 Qc7 11. b3 Bg4 12. O-O f5 13. Bb2 a6 14. a4 Nf6 15. Qd2
Bxe2 16. Nxe2 Nxe2+ 17. Qxe2 Bd6 18. Rac1 Qe7 19. Rfd1 O-O 20. b4 Kg7 21. b5
axb5 22. Bxb5 Nd7 23. Ba1 Rfc8 24. g3 Rxc1 25. Rxc1 Nb6 26. Qd1 Rc8 27. Rxc8
Nxc8 28. a5 Qc7 29. Qa4 Ne7 30. Bc4 Qc5 31. Qd7 Kf8 32. Qd8+ Kg7 33. Kg2 Qc7
34. Qe8 Ng8 35. Bb5 Nf6 36. Qe6 f4 37. gxf4 Nh5 38. fxe5 Be7 39. Qd7 Nf4+ 40.
Kg3 Nxd5 41. Qxd5 Qc1 42. Qd7 Qa3+ 43. Kg2 Qf3+ 44. Kg1 Kh6 45. Bd4 Bg5 46. h4
Bd2 47. h5 e3 48. Bxe3+ Bxe3 49. fxe3 Qxe3+ 50. Kf1 Qf4+ 51. Ke2 Qxe5+ 52. Kd3
Qc5 53. hxg6 hxg6 54. Qh3+ Kg7 55. Qd7+ Kh6 56. Ke2 Qe5+ 57. Kf2 Qf4+ 58. Ke2
Qe5+ 59. Kf3 Qc3+ 60. Bd3 Qxa5 61. Qxb7 Qh5+ 62. Ke3 Qe5+ 63. Kd2 Qf4+ 64. Kc3
Qe5+ 65. Kb3 Qd6 66. Qh1+ Kg7 67. Qe4 Qb6+ 68. Kc2 Qd6 69. Kd1 Kh6 70. Qe3+ Kg7
71. Ke1 Qb4+ 72. Kf1 Qd6 73. Kg2 Qf6 74. Be4 Qb2+ 75. Kh3 Qe5 1/2-1/2

[Event "28th WSCC2018 - Open 50+"]
[Site "Bled"]
[Date "2018.11.22"]
[Round "5.9"]
[White "Mannion, Stephen R"]
[Black "Farrell, Neil"]
[Result "1/2-1/2"]
[WhiteElo "2286"]
[BlackElo "2117"]
[PlyCount "75"]
[EventDate "2018.11.18"]

1. e4 e6 2. d4 d5 3. Nd2 Nf6 4. e5 Nfd7 5. c3 c5 6. f4 Nc6 7. Ndf3 Qb6 8. a3
Be7 9. h4 a6 10. h5 h6 11. g3 cxd4 12. cxd4 Na5 13. Kf2 Nb3 14. Rb1 Nxc1 15.
Qxc1 Qd8 16. Bd3 Nb6 17. b3 Bd7 18. a4 Bb4 19. Ne2 Rc8 20. Qe3 Qe7 21. g4 Kd8
22. f5 Kc7 23. Qf4 Rcg8 24. f6 Qf8 25. Rbg1 gxf6 26. exf6+ Bd6 27. Ne5 Rg5 28.
a5 Nc8 29. Rc1+ Kd8 30. Ng1 Rhg8 31. Rh4 Na7 32. Ngf3 Nc6 33. Nxc6+ Bxc6 34.
Ne5 Bxe5 35. dxe5 Qa3 36. Bh7 Rxg4 37. Rxg4 Rxg4 38. Qxg4 1/2-1/2

[Event "28th WSCC2018 - Open 50+"]
[Site "Bled"]
[Date "2018.11.22"]
[Round "5.10"]
[White "Mukanov, Saltanat"]
[Black "Galvan Sarmiento, Jose Luis"]
[Result "1/2-1/2"]
[WhiteElo "2250"]
[BlackElo "1868"]
[PlyCount "57"]
[EventDate "2018.11.18"]

1. c4 e5 2. Nc3 Bb4 3. g3 Bxc3 4. bxc3 Nc6 5. Bg2 Nge7 6. d3 d6 7. e3 Bd7 8.
Ne2 Qc8 9. h3 O-O 10. Bd2 Nd8 11. Qc2 Bc6 12. f3 f5 13. O-O Qe6 14. e4 b6 15.
g4 f4 16. a4 a5 17. Qa2 Kh8 18. Rfd1 Ng6 19. Be1 Qf6 20. Nc1 Nf7 21. Qf2 Qe6
22. Rd2 Bd7 23. Kf1 Nd8 24. Ke2 Nb7 25. Kd1 Nc5 26. Rda2 Rad8 27. Bf1 Qe8 28.
Qc2 Qe7 29. Qf2 1/2-1/2

[Event "28th WSCC2018 - Open 50+"]
[Site "Bled"]
[Date "2018.11.22"]
[Round "5.11"]
[White "Smolin, Sergey"]
[Black "Berend, Fred"]
[Result "0-1"]
[WhiteElo "2140"]
[BlackElo "2369"]
[PlyCount "228"]
[EventDate "2018.11.18"]

1. e4 c5 2. Nc3 e6 3. g3 d5 4. Bg2 Nf6 5. d3 Nc6 6. Nge2 d4 7. Nb1 Be7 8. Nd2
Qc7 9. O-O b6 10. h3 Bb7 11. f4 O-O-O 12. a4 Ne8 13. Nc4 f6 14. a5 b5 15. a6
Ba8 16. Nd2 e5 17. Nf3 Qb6 18. h4 Nc7 19. Bh3+ Kb8 20. fxe5 fxe5 21. Bg5 Bf6
22. Qd2 Nb4 23. Nxe5 Bxe5 24. Bxd8 Rxd8 25. Rf5 Bd6 26. Kh2 Nc6 27. Raf1 Ne5
28. Qg5 Ne6 29. Qd2 Re8 30. Nf4 Nc7 31. h5 Bc6 32. h6 Bd7 33. Rxe5 Bxe5 34.
Bxd7 Qxh6+ 35. Kg2 Rd8 36. Bg4 Qg5 37. Qe2 g6 38. Nh3 Qe7 39. Qd2 h5 40. Bd1
Rd6 41. Qg5 Qxg5 42. Nxg5 Rxa6 43. Nf7 Re6 44. g4 hxg4 45. Bxg4 Re8 46. Nxe5
Rxe5 47. Rf6 a5 48. Rxg6 a4 49. Bd7 Re7 50. Bc6 Ka7 51. Kf3 Rf7+ 52. Kg3 Rf1
53. e5 b4 54. Bg2 a3 55. bxa3 bxa3 56. Rc6 a2 57. Rxc7+ Kb8 58. Rb7+ Kc8 59.
Ra7 a1=Q 60. Rxa1 Rxa1 61. Bd5 Rf1 62. Kg4 Kd7 63. Bb3 Ke7 64. Kg5 Rf2 65. Kg4
Kf8 66. Kg3 Rf5 67. e6 Ke7 68. Kg4 Kf6 69. Bc4 Rf1 70. Kg3 Kf5 71. Bb3 Re1 72.
Kf2 Re3 73. Bc4 Kf4 74. Bb3 Re5 75. Bc4 Rh5 76. Kg2 Rh7 77. Bb3 Ke3 78. Kg3
Rg7+ 79. Kh4 Kf4 80. Kh3 Rg5 81. Bc4 Re5 82. Kg2 Ke3 83. Kg3 Rg5+ 84. Kh4 Kf4
85. Bb3 Re5 86. Kh3 Re2 87. Bd5 Kf5 88. Kg3 Re3+ 89. Kf2 Ke5 90. Bb3 Kd6 91.
Bc4 Kc6 92. Bb3 Kb5 93. Bd5 Re5 94. Bc4+ Kc6 95. Kf3 Kd6 96. Kf4 Re2 97. Bb3
Ke7 98. Kf5 Re1 99. Bc4 Kd6 100. Bb3 Rf1+ 101. Ke4 Rf2 102. e7 Re2+ 103. Kf5
Rxe7 104. Kf6 Re5 105. Bc4 Re2 106. Bb3 Rf2+ 107. Kg5 Ke5 108. Kg6 Rf1 109. Bc4
Rf6+ 110. Kg5 Rf2 111. Bb3 Rg2+ 112. Kh4 Kf4 113. Kh3 Rg7 114. Bd5 Ke3 0-1

[Event "28th WSCC2018 - Open 50+"]
[Site "Bled"]
[Date "2018.11.22"]
[Round "5.12"]
[White "Vareille, Francois"]
[Black "Teo, Kok Siong"]
[Result "1-0"]
[WhiteElo "2432"]
[BlackElo "2191"]
[PlyCount "97"]
[EventDate "2018.11.18"]

1. d4 Nf6 2. c4 e6 3. Nc3 d5 4. cxd5 exd5 5. Bg5 c6 6. Qc2 Be7 7. e3 O-O 8. Bd3
Nbd7 9. Nge2 Re8 10. O-O Nf8 11. f3 h6 12. Bh4 Ne6 13. Rad1 b5 14. Kh1 Bb7 15.
Bf5 Nf8 16. Bf2 b4 17. Na4 Ba6 18. Rfe1 Qa5 19. b3 g6 20. Bh3 Bc8 21. Bxc8
Raxc8 22. Nf4 N6d7 23. e4 g5 24. Nd3 Ne6 25. Rc1 Qb5 26. Be3 dxe4 27. fxe4 Nf6
28. Ne5 Red8 29. Nxc6 Rxc6 30. Qxc6 Qd3 31. Rcd1 Qxe4 32. Qxe4 Nxe4 33. d5 Nc7
34. Bxa7 f5 35. g4 Nxd5 36. gxf5 Nec3 37. Rd2 Kf7 38. Re6 Bf6 39. Nb6 h5 40.
Nxd5 Rxd5 41. Rxd5 Nxd5 42. Bc5 Bc3 43. Kg1 Nf4 44. Re4 Nd5 45. Re6 Nf4 46. Rd6
h4 47. Be3 Nh3+ 48. Kg2 g4 49. Rg6 1-0

[Event "28th WSCC2018 - Open 50+"]
[Site "Bled"]
[Date "2018.11.22"]
[Round "5.13"]
[White "Fritsch, Rolf"]
[Black "Cummings, David H"]
[Result "0-1"]
[WhiteElo "2189"]
[BlackElo "2331"]
[PlyCount "74"]
[EventDate "2018.11.18"]

1. d4 d5 2. Nf3 Nf6 3. Bg5 Nbd7 4. e3 e6 5. Nbd2 Be7 6. Bd3 c5 7. c3 b6 8. Ne5
Nxe5 9. dxe5 Nd7 10. Bf4 Bb7 11. Qg4 g5 12. h4 gxf4 13. Qg7 Rf8 14. exf4 Qc7
15. Bxh7 O-O-O 16. h5 Nb8 17. h6 Qd7 18. f5 exf5 19. Rh5 Qe8 20. Bxf5+ Nd7 21.
h7 Rh8 22. g4 Kc7 23. O-O-O Qf8 24. Qxf8 Nxf8 25. f4 Ng6 26. Rf1 Bc8 27. c4
dxc4 28. Bxg6 fxg6 29. Rh6 Bxg4 30. Rxg6 Bf5 31. Rg7 Rxh7 32. Rxh7 Bxh7 33. Rg1
Bd3 34. Rg7 Kd7 35. Nf3 Ke6 36. Ng5+ Bxg5 37. Rxg5 Rd4 0-1

[Event "28th WSCC2018 - Open 50+"]
[Site "Bled"]
[Date "2018.11.22"]
[Round "5.14"]
[White "Gavrish, Leonid"]
[Black "Metz, Hartmut"]
[Result "0-1"]
[WhiteElo "2144"]
[BlackElo "2296"]
[PlyCount "48"]
[EventDate "2018.11.18"]

1. d4 c6 2. c4 d5 3. cxd5 cxd5 4. Nc3 Nf6 5. Bf4 Nc6 6. e3 Bf5 7. Qb3 Na5 8.
Qa4+ Bd7 9. Qc2 e6 10. Bd3 Be7 11. Nf3 Nc6 12. a3 Rc8 13. O-O Nh5 14. Be5 f6
15. Bg3 Nxg3 16. hxg3 f5 17. Rac1 O-O 18. g4 fxg4 19. Bxh7+ Kh8 20. Ne5 Nxe5
21. dxe5 g3 22. Bg6 Bc5 23. fxg3 Bxe3+ 24. Kh2 Qg5 0-1

[Event "28th WSCC2018 - Open 50+"]
[Site "Bled"]
[Date "2018.11.22"]
[Round "5.15"]
[White "Lagunov, Evgenij"]
[Black "Kannenberg, Karl-Heinz"]
[Result "1/2-1/2"]
[WhiteElo "2272"]
[BlackElo "2182"]
[PlyCount "103"]
[EventDate "2018.11.18"]

1. e4 c6 2. d4 d5 3. e5 Bf5 4. Nf3 e6 5. Be2 Ne7 6. Nc3 h6 7. O-O Nd7 8. Be3
Qc7 9. b4 Bh7 10. Rb1 Nf5 11. Bd2 Be7 12. a4 O-O 13. g4 Nh4 14. Nxh4 Bxh4 15.
f4 f6 16. Be3 fxe5 17. fxe5 Qd8 18. Qd2 Qe7 19. a5 Rac8 20. Na4 b6 21. Rxf8+
Qxf8 22. Ba6 Qf3 23. Be2 Qf8 24. Rf1 Qe7 25. axb6 axb6 26. Nb2 c5 27. bxc5 bxc5
28. c4 cxd4 29. Qxd4 Be4 30. cxd5 exd5 31. Nc4 Rf8 32. Rxf8+ Kxf8 33. Bf4 Qc5
34. Qxc5+ Nxc5 35. Nd6 Ne6 36. Bd2 Nd4 37. Nxe4 Nxe2+ 38. Kf1 dxe4 39. Kxe2 Kf7
40. Bf4 Ke6 41. Ke3 Kd5 42. e6 Be7 43. Bb8 g5 44. Ba7 Bd6 45. Bd4 Bf4+ 46. Ke2
Kxe6 47. h3 Be5 48. Bc5 Bg7 49. Ke3 Kd5 50. Ba3 Bd4+ 51. Ke2 Bc5 52. Bb2
1/2-1/2

[Event "28th WSCC2018 - Open 50+"]
[Site "Bled"]
[Date "2018.11.22"]
[Round "5.16"]
[White "Petran, Peter"]
[Black "Chan, Peng Kong"]
[Result "1-0"]
[WhiteElo "2256"]
[BlackElo "2169"]
[PlyCount "106"]
[EventDate "2018.11.18"]

1. g3 d5 2. Bg2 Nf6 3. d3 e6 4. Nd2 c5 5. e4 Nc6 6. Ngf3 Be7 7. O-O O-O 8. Re1
Rb8 9. a4 a6 10. c3 b5 11. axb5 axb5 12. exd5 Nxd5 13. Nf1 Bb7 14. Ne3 Nxe3 15.
Bxe3 Qd7 16. d4 cxd4 17. Nxd4 Nxd4 18. Qxd4 Qxd4 19. Bxd4 Bxg2 20. Kxg2 Rb7 21.
Ra6 Rd8 22. Rea1 h5 23. h4 Rd5 24. Ra7 Rxa7 25. Rxa7 e5 26. Be3 Bc5 27. Bxc5
Rxc5 28. Rb7 f5 29. Kf3 Rd5 30. Ke2 Kh7 31. Rb6 Kg8 32. b4 Kf7 33. Rc6 Ke7 34.
Ke3 Kf7 35. Rc7+ Kf6 36. Ke2 e4 37. Rb7 Kg6 38. f3 Rd3 39. Rb6+ Kf7 40. fxe4
fxe4 41. Rxb5 Rxc3 42. Rxh5 Rb3 43. Rg5 Rxb4 44. Ke3 Kf6 45. g4 Rb3+ 46. Kxe4
Rb4+ 47. Kf3 Rb3+ 48. Kg2 Rb2+ 49. Kh3 Ra2 50. Rb5 Ra3+ 51. Kg2 Rc3 52. Rb6+
Kf7 53. Rb5 Ra3 {(93)} 1-0

[Event "28th WSCC2018 - Open 50+"]
[Site "Bled"]
[Date "2018.11.22"]
[Round "5.17"]
[White "Chapman, Terry P D"]
[Black "Namyslo, Holger"]
[Result "1-0"]
[WhiteElo "2172"]
[BlackElo "2254"]
[PlyCount "111"]
[EventDate "2018.11.18"]

1. Nf3 d5 2. d4 Nf6 3. c4 e6 4. g3 dxc4 5. Bg2 Bb4+ 6. Bd2 a5 7. Qc2 Bxd2+ 8.
Qxd2 c6 9. a4 O-O 10. Na3 b5 11. Ne5 Ra6 12. axb5 cxb5 13. Nxb5 Qb6 14. Na3 Rd8
15. e3 Bb7 16. Naxc4 Qc7 17. Bxb7 Qxb7 18. f3 Nc6 19. O-O Nxe5 20. Nxe5 a4 21.
Rfc1 h5 22. Kf2 Qb5 23. Qe2 Qb7 24. Rc4 Rda8 25. Qc2 g6 26. Rc7 Qb3 27. Qxb3
axb3 28. Rxa6 Rxa6 29. Rb7 Nd5 30. Rxb3 f6 31. Nxg6 Rc6 32. Nf4 Rc2+ 33. Ne2 f5
34. h3 Kg7 35. e4 fxe4 36. fxe4 Nf6 37. e5 Nd5 38. Kf3 Rd2 39. Nf4 Nxf4 40.
Kxf4 Kg6 41. Ke3 Rh2 42. Rb6 Kf5 43. g4+ Kg5 44. gxh5 Rxh3+ 45. Ke4 Rh4+ 46.
Kd3 Kf5 47. b4 Rxh5 48. b5 Rh1 49. Rd6 Rb1 50. b6 Rc1 51. b7 Rb1 52. Rd7 Rb3+
53. Kc4 Rb1 54. Kc5 Ke4 55. Kc6 Kf5 56. Rd6 1-0

[Event "28th WSCC2018 - Open 50+"]
[Site "Bled"]
[Date "2018.11.22"]
[Round "5.18"]
[White "Phillips, Owen S"]
[Black "Bergstrom, Rolf"]
[Result "0-1"]
[WhiteElo "1894"]
[BlackElo "2216"]
[PlyCount "76"]
[EventDate "2018.11.18"]

1. e4 c5 2. b3 b6 3. Bb2 Bb7 4. d3 e6 5. Qe2 Nc6 6. Nf3 d6 7. g3 Nf6 8. Bg2 Be7
9. O-O O-O 10. e5 dxe5 11. Nxe5 Qc7 12. Nxc6 Bxc6 13. Bxc6 Qxc6 14. f4 Rad8 15.
Qf3 Qc7 16. Nc3 a6 17. a4 g6 18. Rae1 Rd7 19. g4 Nd5 20. Ne4 Qd8 21. g5 h6 22.
gxh6 Bf6 23. Nxf6+ Nxf6 24. Rf2 Kh7 25. Rg2 Nh5 26. Re5 Rg8 27. Rxh5 gxh5 28.
Bg7 Rd5 29. Qe4+ Rf5 30. Rg5 Qd5 31. Rxf5 Qxe4 32. dxe4 exf5 33. exf5 Rd8 34.
c3 Rd2 35. b4 a5 36. bxc5 bxc5 37. Bf8 c4 38. Bg7 Ra2 0-1

[Event "28th WSCC2018 - Open 50+"]
[Site "Bled"]
[Date "2018.11.22"]
[Round "5.19"]
[White "Resika, Nathan"]
[Black "Ernst, Michael"]
[Result "1/2-1/2"]
[WhiteElo "2124"]
[BlackElo "2197"]
[PlyCount "60"]
[EventDate "2018.11.18"]

1. c4 e6 2. g3 d5 3. Bg2 Nf6 4. Nf3 dxc4 5. Qc2 Nbd7 6. Na3 Bxa3 7. bxa3 a6 8.
a4 O-O 9. Qxc4 Rb8 10. O-O b5 11. axb5 axb5 12. Qc2 Bb7 13. d3 c5 14. Bb2 Qb6
15. a4 b4 16. a5 Qb5 17. Nd2 Bxg2 18. Kxg2 Ra8 19. Nc4 Rfc8 20. e4 Ne8 21. f4
Qc6 22. f5 f6 23. fxe6 Qxe6 24. Rf5 Rc6 25. Rd5 Raa6 26. Ne3 g6 27. Nc4 Nc7 28.
Nb6 Rcxb6 29. Rxd7 Rc6 30. Qc4 Ne8 1/2-1/2

[Event "28th WSCC2018 - Open 50+"]
[Site "Bled"]
[Date "2018.11.22"]
[Round "5.20"]
[White "Biro, Sandor"]
[Black "Jensen, Stein"]
[Result "1-0"]
[WhiteElo "2191"]
[BlackElo "2011"]
[PlyCount "93"]
[EventDate "2018.11.18"]

1. e4 e6 2. d4 d5 3. exd5 exd5 4. Nf3 Bd6 5. Nc3 c6 6. Bd3 Ne7 7. O-O Bg4 8.
Re1 Nd7 9. Qe2 h6 10. Nd1 O-O 11. Ne3 Bh5 12. Nf1 Re8 13. Ng3 Bg6 14. Bd2 c5
15. Bxg6 Nxg6 16. Qxe8+ Qxe8 17. Rxe8+ Rxe8 18. Nf5 Bf8 19. dxc5 Nxc5 20. Be3
Ne5 21. Nxe5 Rxe5 22. Nd4 a6 23. Rd1 g5 24. g4 Na4 25. Nf5 Re4 26. Rxd5 Rxg4+
27. Kf1 Kh7 28. Bd4 Rf4 29. b3 Kg6 30. Ne3 Rxd4 31. Rxd4 Nc5 32. Rd8 Be7 33.
Rg8+ Kh7 34. Re8 Bd6 35. h3 Ne6 36. Nf5 Bc5 37. h4 Kg6 38. Ne7+ Kf6 39. hxg5+
Nxg5 40. Nd5+ Kg6 41. Rb8 b5 42. b4 Bd4 43. Ra8 Ne4 44. Rxa6+ Kf5 45. f3 Nd2+
46. Ke2 Nc4 47. Nc7 1-0

[Event "28th WSCC2018 - Open 50+"]
[Site "Bled"]
[Date "2018.11.22"]
[Round "5.22"]
[White "Findlay, Ian T"]
[Black "Smith, Peter R"]
[Result "1-0"]
[WhiteElo "2255"]
[BlackElo "2049"]
[PlyCount "55"]
[EventDate "2018.11.18"]

1. e4 d5 2. exd5 Qxd5 3. Nc3 Qd8 4. d4 Nf6 5. Nf3 Bg4 6. h3 Bxf3 7. Qxf3 c6 8.
Be3 e6 9. Bd3 Nbd7 10. O-O Bd6 11. Ne4 Nxe4 12. Qxe4 Qa5 13. Qg4 O-O-O 14. c3
f5 15. Qe2 f4 16. Bd2 e5 17. c4 Bb4 18. Bxb4 Qxb4 19. dxe5 f3 20. Qxf3 Nxe5 21.
Bf5+ Kb8 22. Qg3 Qxb2 23. Rab1 Qd4 24. Rfe1 Rde8 25. Re4 Qd6 26. Rbe1 g6 27.
Rxe5 Rxe5 28. Rxe5 1-0

[Event "28th WSCC2018 - Open 50+"]
[Site "Bled"]
[Date "2018.11.22"]
[Round "5.23"]
[White "Siedl, Manfred"]
[Black "Matthews, Shane"]
[Result "1/2-1/2"]
[WhiteElo "2071"]
[BlackElo "2243"]
[PlyCount "140"]
[EventDate "2018.11.18"]

1. Nf3 Nf6 2. c4 g6 3. g3 Bg7 4. Bg2 O-O 5. O-O d6 6. Nc3 Nbd7 7. d4 c6 8. Qc2
Re8 9. e4 Qc7 10. Bd2 e5 11. dxe5 dxe5 12. b4 Nf8 13. Ne1 Ne6 14. Ne2 Nd4 15.
Nxd4 exd4 16. Rd1 Qe7 17. f3 Be6 18. Nd3 Nd7 19. f4 b5 20. c5 Bc4 21. e5 Rac8
22. a4 f6 23. axb5 Bxb5 24. exf6 Bxf6 25. Bh3 Rcd8 26. Rfe1 Qf7 27. Rxe8+ Rxe8
28. Re1 Rxe1+ 29. Bxe1 Qe7 30. Bf2 Nf8 31. Qd2 Qe4 32. Ne1 a6 33. Bf1 Ne6 34.
Bd3 Qd5 35. Bxb5 axb5 36. Nd3 h5 37. Qe1 Kf7 38. h3 g5 39. Qe2 gxf4 40. gxf4
Qf5 41. Qf3 Ke7 42. Qg3 Kd7 43. Kf1 Qe4 44. f5 Qxf5 45. Qd6+ Ke8 46. Qxc6+ Kf7
47. Qd7+ Be7 48. Qxb5 Qxh3+ 49. Ke1 Qf5 50. Qc4 h4 51. Bxd4 Qe4+ 52. Kf1 Qxd4
53. Qxd4 Nxd4 54. Nf4 Bg5 55. Ne2 Nb5 56. Kg2 Kg6 57. c6 Bd8 58. Ng1 Kg5 59.
Kf3 Bc7 60. Nh3+ Kf5 61. Nf2 Bd6 62. Kg2 Bxb4 63. Kh3 Be7 64. Nd3 Nc7 65. Ne1
Kg5 66. Ng2 Kh5 67. Nf4+ Kg5 68. Ng2 Kh5 69. Nf4+ Kg5 70. Ng2 Kh5 1/2-1/2

[Event "28th WSCC2018 - Open 50+"]
[Site "Bled"]
[Date "2018.11.22"]
[Round "5.24"]
[White "Stentebjerg-Hansen, Per"]
[Black "Povse, Martin"]
[Result "1/2-1/2"]
[WhiteElo "2219"]
[BlackElo "2014"]
[PlyCount "23"]
[EventDate "2018.11.18"]

1. d4 d5 2. c4 e6 3. Nc3 c6 4. cxd5 cxd5 5. Nf3 Nc6 6. Bf4 Bd6 7. Bxd6 Qxd6 8.
e3 Bd7 9. Bd3 Rc8 10. Rc1 f5 11. O-O Nge7 12. Nd2 1/2-1/2

[Event "28th WSCC2018 - Open 50+"]
[Site "Bled"]
[Date "2018.11.22"]
[Round "5.25"]
[White "Kolesar, Milan"]
[Black "Brongers, Henk"]
[Result "0-1"]
[WhiteElo "2198"]
[BlackElo "2016"]
[PlyCount "74"]
[EventDate "2018.11.18"]

1. Nf3 Nf6 2. c4 g6 3. g3 Bg7 4. Bg2 O-O 5. d4 d6 6. O-O Nc6 7. Nc3 Bf5 8. d5
Na5 9. Nd4 Bd7 10. b3 c5 11. dxc6 bxc6 12. Bb2 Rb8 13. Rb1 c5 14. Nc2 Nc6 15.
Ne3 Qa5 16. Qd2 Nd4 17. Rfd1 Rfe8 18. h3 Qa6 19. Ra1 Qc8 20. Kh2 Bc6 21. Bxc6
Qxc6 22. Ned5 Nd7 23. Rac1 e6 24. Nf4 Ne5 25. Qe3 Nxc4 26. bxc4 Rxb2 27. Rb1
Reb8 28. Rxb2 Rxb2 29. Rd2 Rb4 30. Qd3 Be5 31. Ng2 Qa6 32. Ne3 f5 33. f4 d5 34.
cxd5 c4 35. Nxc4 Qxc4 36. Qe3 Rb6 37. Nd1 Qxd5 0-1